[Event "EU-ch U18 Girls"]
[Site "Prague"]
[Date "2012.08.24"]
[Round "8"]
[White "Malikova, Ulviyya"]
[Black "Milicevic, Dajana"]
[Result "0-1"]
[WhiteElo "1810"]
[BlackElo "1684"]
[PlyCount "108"]
[EventDate "2012.08.17"]
[EventType "swiss"]
[EventRounds "9"]
[EventCountry "CZE"]
[SourceTitle "CBM 150 Extra"]
[Source "ChessBase"]
[SourceDate "2012.10.19"]
[SourceVersion "1"]
[SourceVersionDate "2012.10.19"]
[SourceQuality "1"]

1. d4 Nf6 2. c4 e6 3. Nf3 Bb4+ 4. Bd2 Bxd2+ 5. Nbxd2 0-0 6. e4 d6 7. Be2 c5 8. Qc2 Nc6 9. Nb3 Nb4 10. Qb1 b6 11. a3 Nc6 12. 0-0 e5 13. d5 Ne7 14. Re1 Ne8 15. Nbd2 f5 16. exf5 Bxf5 17. Bd3 Bxd3 18. Qxd3 Ng6 19. g3 Qf6 20. Kg2 Ne7 21. Ne4 Qh6 22. Qe3 Qxe3 23. fxe3 h6 24. h4 Rd8 25. Rf1 Nf6 26. Nfd2 Nxe4 27. Nxe4 Ng6 28. Rxf8+ Kxf8 29. b4 Ke7 30. b5 Nf8 31. g4 Ra8 32. a4 a5 33. bxa6 Rxa6 34. Nc3 Nd7 35. h5 e4 36. Nxe4 Ne5 37. Nd2 Nxg4 38. Kf3 Nf6 39. Ne4 Nxh5 40. Nc3 Nf6 41. Kf4 Kf7 42. Nb5 Ne8 43. e4 Kf6 44. Nxd6 g5+ 45. Ke3 Nxd6 46. Rf1+ Ke5 47. Rh1 Nxc4+ 48. Kd3 Rxa4 49. Rxh6 Nb2+ 50. Kc3 Nd1+ 51. Kc2 Rxe4 52. Kxd1 b5 53. Kc2 Kxd5 54. Rg6 Kc4 0-1

[Event "EU-ch U18 Girls"]
[Site "Prague"]
[Date "2012.08.18"]
[Round "2"]
[White "Malikova, Ulviyya"]
[Black "Schulz, Anja2222"]
[Result "0-1"]
[WhiteElo "1810"]
[BlackElo "2108"]
[PlyCount "96"]
[EventDate "2012.08.17"]
[EventType "swiss"]
[EventRounds "9"]
[EventCountry "CZE"]
[SourceTitle "CBM 150 Extra"]
[Source "ChessBase"]
[SourceDate "2012.10.19"]
[SourceVersion "1"]
[SourceVersionDate "2012.10.19"]
[SourceQuality "1"]

1. d4 Nf6 2. c4 g6 3. Nc3 Bg7 4. e4 d6 5. Nf3 0-0 6. Be2 e5 7. 0-0 Nc6 8. h3 exd4 9. Nxd4 Nd7 10. Be3 Nb6 11. Nxc6 bxc6 12. Bd4 c5 13. Bxg7 Kxg7 14. b3 Be6 15. Qd2 Qe7 16. Rad1 Rad8 17. Nd5 Bxd5 18. exd5 Qf6 19. f4 Rfe8 20. Bd3 Re7 21. Qf2 Rde8 22. Rd2 Re3 23. Re2 Qd4 24. Rxe3 Rxe3 25. Bb1 f6 26. Kh1 Nd7 27. g3 Qc3 28. Kh2 f5 29. Rg1 Nf6 30. Rg2 Nh5 31. Bc2 Nxg3 32. Rxg3 Rxg3 33. Qxg3 Qxc2+ 34. Qg2 Qxg2+ 35. Kxg2 h6 36. h4 Kf6 37. Kf3 Ke7 38. Kg3 Kf6 39. Kf3 Kf7 40. Kg3 Ke7 41. Kg2 Kf6 42. Kf3 g5 43. hxg5+ hxg5 44. fxg5+ Kxg5 45. Kg3 f4+ 46. Kf3 Kf5 47. a3 a5 48. a4 Ke5 0-1